| 000 | 00813cam a22002655a 4500 | ||
|---|---|---|---|
| 001 | 015571978 | ||
| 003 | OSt | ||
| 005 | 20170112115652.0 | ||
| 008 | 100602s2011 enka fr 001 0 eng d | ||
| 020 | _a9780470711194 | ||
| 020 | _a0470711191 | ||
| 040 |
_aStDuBDS _beng _cStDuBDS _dUk _dEG-ScBUE |
||
| 082 | 0 | 4 |
_222 _a658.404 _bGRA |
| 100 | 1 | _aGraham, Nick. | |
| 245 | 1 | 0 |
_aProject management for dummies / _cby Nick Graham and Stanley E. Portny. |
| 250 | _aUK ed. | ||
| 260 |
_aChichester : _bA John Wiley and Sons, _c2011. |
||
| 300 |
_axx, 384 p. : _bill. ; _c24 cm. |
||
| 500 | _aIndex : p. 365-383. | ||
| 650 | 7 |
_aProject management. _2BUEsh _911664 |
|
| 653 |
_bBUSADM _cJanuary2017 |
||
| 690 | 7 |
_aManagement and Business Studies _2blcoll |
|
| 700 | 1 |
_aPortny, Stanley E. _q(Stanley Erwin) |
|
| 942 | _2ddc | ||
| 999 |
_c23909 _d23881 |
||